Statystyki dla Quiz o Kazachstanie

Kliknij tutaj aby rozwiązać quiz!

Ogólne statystyki

  • Ten quiz został rozwiązany 8 razy
  • Średni wynik to 9 z 17

Statystyki odpowiedzi

WskazówkaOdpowiedź% Poprawnych
JęzykKazachski
100%
Państwa granicząceRosja
100%
StolicaAstana
83%
Państwa granicząceUzbekistan
83%
Rok powstania1991
67%
Religia dominującąIslam
67%
Państwa granicząceKirgistan
67%
Morze nad którym leży,,Morze" Kaspijskie
67%
Państwa granicząceTurkmenistan
67%
Państwa granicząceChiny
50%
Podział administracyjnyObwód
33%
Oficjalna nazwaRepublika Kazachstanu
33%
Podział sił zbrojnychMarynarka Wojenna
17%
Podział administracyjnyRejon
17%
Podział sił zbrojnychSiły Powietrzne
17%
Podział sił zbrojnychWojska lądowe
17%
WalutaTenge
0%

Rozkład punktacji

Percentyl według liczby udzielonych odpowiedzi

Procent ludzi z każdym wynikiem

Twoja historia wyników

Nie rozwiązałeś tego quizu